Tenisiści z Karierowym Wielkim Szlemem - Statystyki

Ogólne statystyki
  • Ten quiz został rozwiązany 72 razy
    15 od ostatniego zresetowania
  • Średni wynik to 9 z 19
Statystyki odpowiedzi
Rok Płeć Odpowiedż % Poprawnych
2026 M Carlos Alcaraz
100%
2016 M Novak Djokovic
100%
2010 M Rafael Nadal
100%
2009 M Roger Federer
100%
2003 K Serena Williams
100%
1999 M Andre Agassi
73%
1988 K Steffi Graf
73%
2012 K Maria Szarapowa
53%
1983 K Martina Navratilova
53%
1962 M Rod Laver
47%
1982 K Chris Evert
33%
1972 K Billie Jean King
27%
1963 K Margaret Smith Court
27%
1938 M Don Budge
7%
1954 K Doris Hart
7%
1935 M Fred Perry
7%
1964 M Roy Emerson
7%
1957 K Shirley Fry
7%
1953 K Maureen Connolly
0%
Nie znaleziono quizów pasujących do podanych kryteriów
Rozkład punktacji
Procent ludzi z każdym wynikiem
Percentyl według liczby udzielonych odpowiedzi
Twoja historia wyników
Nie rozwiązałeś tego quizu od ostatniego zresetowania